000 00615nam a2200205 a 4500
001 000028386
005 20200930054922.0
008 110408s2007 dr r 000 0 spa d
040 _aDO-SdBNP
_bspa
_cBNPHU
082 _axxxx
_bS593d
100 1 _aSimó, Dennis R.
_914023
245 1 0 _aDiscursos del Rector 2 /
_cDennis R. Simó.
260 _aSanto Domingo :
_bUNAPEC,
_c2007.
300 _a91 p. ;
_c23 cm.
490 1 _aUNAPEC por un mundo mejor
490 1 _aDEsde la rectoría
_v2
590 _aInventariado, 2019/BT
830 0 _aUNAPEC por un mundo mejor
_922883
830 0 _aDEsde la rectoría
_n2
_955345
999 _c27878
_d27878